Development Economics : A Critical Study of Economic Growth, Development and Environment (Record no. 10755)

MARC details
000 -LEADER
fixed length control field 00433nam a2200157Ia 4500
008 - FIXED-LENGTH DATA ELEMENTS--GENERAL INFORMATION
fixed length control field 191201s2011 xx 000 0 und d
082 ## - DEWEY DECIMAL CLASSIFICATION NUMBER
Classification number 338.9
Item number AHD
100 ## - MAIN ENTRY--PERSONAL NAME
Personal name AHUJA, H L
245 #0 - TITLE STATEMENT
Title Development Economics : A Critical Study of Economic Growth, Development and Environment
250 ## - EDITION STATEMENT
Edition statement Rep
260 ## - PUBLICATION, DISTRIBUTION, ETC. (IMPRINT)
Place of publication, distribution, etc New Delhi
Name of publisher, distributor, etc S Chand
Date of publication, distribution, etc 2020
300 ## - PHYSICAL DESCRIPTION
Extent 769
650 ## - SUBJECT ADDED ENTRY--TOPICAL TERM
Topical term or geographic name as entry element BA Economics
700 ## - ADDED ENTRY--PERSONAL NAME
Personal name AHUJA, Amit
942 ## - ADDED ENTRY ELEMENTS (KOHA)
Source of classification or shelving scheme Dewey Decimal Classification
Koha item type Text Books
942 ## - ADDED ENTRY ELEMENTS (KOHA)
-- 2
Holdings
Withdrawn status Lost status Source of classification or shelving scheme Damaged status Not for loan Collection code Home library Current library Date acquired Source of acquisition Currency Cost, normal purchase price Bill Number Total Checkouts Full call number Acc. no. / Barcode Date last seen Date last borrowed Actual Cost, discounted price Bill Date Koha item type
    Dewey Decimal Classification     B.A Economics PIET NCR College Library PIET NCR College Library 15/07/2021 Kirti Prakashan IN Rupees 575.00 IN2265 3 338.9 AHD N1256 24/09/2025 16/09/2025 414.00 15/07/2021 Text Books
    Dewey Decimal Classification     B.A Economics PIET NCR College Library PIET NCR College Library 15/07/2021 Kirti Prakashan IN Rupees 575.00 IN2265   338.9 AHD N1257 03/08/2021   414.00 15/07/2021 Text Books
    Dewey Decimal Classification     B.A Economics PIET NCR College Library PIET NCR College Library 15/07/2021 Kirti Prakashan IN Rupees 575.00 IN2265   338.9 AHD N1258 03/08/2021   414.00 15/07/2021 Reference Books
    Dewey Decimal Classification     B.A Economics PIET NCR College Library PIET NCR College Library 15/07/2021 Kirti Prakashan IN Rupees 575.00 IN2265   338.9 AHD N1259 03/08/2021   414.00 15/07/2021 Text Books

Design & Developed by: PIET Central Library
R70 Miles Stone Pattikalyana Samalkha Panipat 132102
mail ID :- [email protected], Phone No:- 0180-2569700 Ex.216